Prime for a tumble (Record no. 80827)

MARC details
000 -LEADER
fixed length control field 00721cab a22001935a 4500
001 - CONTROL NUMBER
control field L145477
008 - FIXED-LENGTH DATA ELEMENTS--GENERAL INFORMATION
fixed length control field 081014e20081010xxkad f s 000 0 eng d
035 ## - SYSTEM CONTROL NUMBER
System control number (Sirsi) u145477
041 0# - LANGUAGE CODE
Language code of text/sound track or separate title eng
100 1# - MAIN ENTRY--PERSONAL NAME
Personal name Cook, Lucian
245 00 - TITLE STATEMENT
Title Prime for a tumble
260 ## - PUBLICATION, DISTRIBUTION, ETC.
Date of publication, distribution, etc. 2008
490 #0 - SERIES STATEMENT
Series statement Property Week
Volume/sequential designation 73(41) 10 October 2008, 40(1)
520 ## - SUMMARY, ETC.
Summary, etc. Reports on how job and wage cuts in the City Of London are pushing prime values of residential property prices down even further. Finds that in the rental markets east of the City, rents are 4.6% lower than the same last time last year. Tables.
590 ## - LOCAL NOTE (RLIN)
Local note KA
651 #4 - SUBJECT ADDED ENTRY--GEOGRAPHIC NAME
Geographic name London
690 ## - LOCAL SUBJECT ADDED ENTRY--TOPICAL TERM (OCLC, RLIN)
Topical term or geographic name as entry element PROPERTY-RESIDENTIAL PROPERTY-RESIDENTIAL PROPERTY MARKET
942 ## - ADDED ENTRY ELEMENTS (KOHA)
Suppress in OPAC 0
Holdings
Withdrawn status Lost status Source of classification or shelving scheme Damaged status Not for loan Home library Current library Shelving location Date acquired Total Checkouts Full call number Barcode Date last seen Copy number Price effective from Koha item type
    Dewey Decimal Classification     London London Journal article 14/10/2008   L145477 145477-1001 06/08/2019 1 06/08/2019 Journal article